000 00694nam a2200157Ia 4500
008 100122s9999 xx 000 0 und d
082 _b70466
_a137
100 _aकियोसाकी रॉबर्ट
245 _aरिच डॅड पुअर डॅड - अनु- बाळ उर्ध्वरेषे
260 _bमंजुल प्रकाशन
_c1998
300 _a184
630 _aरिच डॅड पुअर डॅड - अनु- बाळ उर्ध्वरेषे
700 _aउर्ध्वरेषे बाळ
730 _aरिच डॅड पुअर डॅड - अनु- बाळ उर्ध्वरेषे
942 _cBOOK
999 _c441423
_d441420